Pays sans les lettres de "BRÉSIL" - Statistiques

Statistiques générales
  • Ce quiz a été pris 20 fois
    4 depuis la dernière actualisation
  • Le résultat moyen est 6 sur 12
Statistiques - réponses
Continents Pays % Correct
Afrique Tchad
100%
Afrique Ghana
67%
Afrique Ouganda
67%
Afrique Togo
67%
Amérique du Nord Canada
33%
Amérique du Sud Guyana
33%
Asie Japon
33%
Europe Monaco
33%
Asie Oman
33%
Amérique du Nord Panama
33%
Océanie Tonga
33%
Océanie Vanuatu
33%
Aucun quiz correspondant
Distribution des résultats
% des personnes avec chaque résultat
Percentile par nombre de réponses
Votre historique - résultats
Vous n’avez pas pris ce quiz depuis la dernière actualisation